[Event "Detroit op"]
[Site "Detroit"]
[Date "1999.12.18"]
[Round "1"]
[White "Yancey, Seleana"]
[Black "Gaskins, Jaquese"]
[Result "1-0"]
[WhiteElo "874"]
[BlackElo "642"]
[PlyCount "67"]
[EventDate "1999.12.18"]
[EventType "swiss"]
[EventRounds "6"]
[EventCountry "USA"]
[SourceTitle "EXT 2007"]
[Source "ChessBase"]
[SourceDate "2006.11.23"]
[SourceVersion "1"]
[SourceVersionDate "2006.11.23"]
[SourceQuality "1"]

1. e4 g6 2. d4 Nf6 3. e5 b6 4. exf6 exf6 5. Qe2+ Be7 6. Bh6 Ba6 7. c4 b5 8. cxb5 Bb7 9. Bg7 Rg8 10. Bxf6 c6 11. Nc3 cxb5 12. Nxb5 Qa5+ 13. Kd1 Nc6 14. d5 0-0-0 15. Bxe7 Nxe7 16. Nd6+ Kb8 17. Qe5 Qxd5+ 18. Qxd5 Bxd5 19. Ne2 Kc7 20. Nb5+ Kb6 21. Nec3 Bc6 22. Nd4 d5 23. Bd3 Ba4+ 24. Nxa4+ Ka5 25. Bc2 Rc8 26. b3 Nc6 27. Nxc6+ Rxc6 28. Rc1 d4 29. Bd3 Rd6 30. Rc5+ Kb4 31. Kc2 Re8 32. a3+ Kxa3 33. Ra1+ Kb4 34. Rb5# 1-0